000
00236 a2200109 4500
001
68569
040
_c
Anchieta - Itaigara
240
1
0
_a
Peter Pan
_l
245
1
0
_a
Peter Pan
650
4
_a
Literatura infanto-juvenil em inglês
942
_c
MU
999
_c
68569
_d
68569